| 000 | 00774nam a22002055i 4500 | ||
|---|---|---|---|
| 001 | 167967 | ||
| 003 | ES-MaACL | ||
| 005 | 20250624195705.0 | ||
| 008 | 951121s1856 gw |||| | spa d | ||
| 040 |
_aEUS _bspa _cEUS |
||
| 245 | 0 | 0 |
_aPrimavera y Flor de Romances ó Colección de los más viejos y más populares Romances castellanos / _cpor Fernando José Wolf ; Conrado Hofmann. |
| 260 |
_aBerlín : _bEn casa de A. Asher y comp., _c1856. |
||
| 300 |
_a2 v.(XC, 357; 429 p.) ; _c19 cm. |
||
| 500 | _aIndice en el v.II. | ||
| 650 | 0 | 4 |
_aRomances- _zEspaña. _916935 |
| 700 | 1 |
_aWolf, Ferdinand Joseph, _d1796-1866 _9133954 |
|
| 700 | 1 |
_aHofmann, Konrad ( _d1819-1890) _9128015 |
|
| 852 |
_aES-MaACL _jF-10479-80 _z-- Enc. pasta española |
||
| 999 |
_c167967 _d167967 |
||